Les sectes en France

محفوظ في:
التفاصيل البيبلوغرافية
التنسيق: كتاب
اللغة:الفرنسية
منشور في: París Patrick Banon 1996
سلاسل:Opinions Publiques
الموضوعات:
الوسوم: إضافة وسم
لا توجد وسوم, كن أول من يضع وسما على هذه التسجيلة!

MARC

LEADER 00000nam a2200000 a 4500
001 UCM3197
003 CL-VaPUC
008 020628e19960000fr |||||||||||||||||fre|d
082 0 4 |a 291.9  |b SEC  |2 21 
245 1 4 |a Les sectes en France 
300 |a 144 p 
942 |c BK 
945 |d 20020628 00:00:00  |a cmena 
260 |a París  |b Patrick Banon  |c 1996 
650 0 |a Sectas  |9 320072 
650 7 |a SECTARISMO  |2 CL-VaPUC  |9 393165 
650 0 |a Comunidades religiosas  |9 315330 
651 0 |a Francia  |9 255157 
583 |a last modification  |c 20171204 12:45:30  |k Rodrigo Vera 
490 0 |a Opinions Publiques 
999 |c 300684  |d 300682 
952 |0 0  |1 0  |4 0  |6 291_900000000000000_SEC_1996  |7 0  |8 A  |9 358862  |a BIBDER  |b BIBDER  |d 2019-11-21  |i 3822516  |o 291.9 SEC 1996  |p 3822516  |r 2023-01-25  |w 2019-11-21  |y BK  |k DER